| 000 | 00921nam a22002777a 4500 | ||
|---|---|---|---|
| 003 | EG-ScBUE | ||
| 005 | 20220201104109.0 | ||
| 008 | 220201s2022 ua f 000 f ara d | ||
| 017 | _a2021/14219 | ||
| 020 | _a9789770937044 | ||
| 040 |
_aEG-ScBUE _bara _erda _cEG-ScBUE _dEG-ScBUE |
||
| 082 | 0 | 4 |
_222 _a892.737 _bف ش ي |
| 100 | 1 |
_aفشير، عز الدين شكري، _eمؤلف. _934599 |
|
| 245 | 1 | 0 |
_aحكاية فرح : _bرواية / _cعز الدين شكري فشير. |
| 250 | _aالطبعة الثالثة. | ||
| 264 | 1 |
_aالقاهرة : _bدار الشروق، _c2022. |
|
| 300 |
_a333 صفحة ؛ _c24 سم |
||
| 336 |
_2rdacontent _aنص _btxt |
||
| 337 |
_2rdamedia _aبدون وسيط _bn |
||
| 338 |
_2rdacarrier _aمجلد _bnc |
||
| 541 | _aBook Fair 2022. | ||
| 650 | 7 |
_aالقصص العربية _zمصر _yقرن 21. _2BUEsh |
|
| 653 | _bARALIT | ||
| 655 |
_vReading book _934232 |
||
| 942 | _2ddc | ||
| 999 |
_c29761 _d29732 |
||